[Event "ch-Europe Internet Blitz"]
[Site "playchess.com INT"]
[Date "2003.11.09"]
[Round "3.2"]
[White "Panarin,M"]
[Black "Bacrot,E"]
[Result "0-1"]
[WhiteElo "2424"]
[BlackElo "2664"]

1.e4 e5 2.Nf3 Nc6 3.Bb5 Nf6 4.O-O Nxe4 5.d4 Nd6 6.Bxc6 dxc6 7.dxe5 Nf5 8.Qxd8+ Kxd8
9.Rd1+ Ke8 10.Nc3 Ne7 11.h3 Ng6 12.b3 Bf5 13.Nd4 Bd7 14.f4 Bc5 15.Be3 Bxd4
16.Rxd4 h5 17.Na4 b6 18.Rd2 Be6 19.c4 Ne7 20.Bf2 h4 21.Rad1 Nf5 22.Nc3 f6
23.Re1 Kf7 24.Ne4 Rad8 25.Red1 Rxd2 26.Rxd2 Re8 27.exf6 gxf6 28.Nc3 Bc8 29.Rd3 Kg6
30.Kf1 Kf7 31.Ne2 c5 32.Ng1 Bb7 33.Nf3 Bxf3 34.Rxf3 Re4 35.Rd3 Ke6 36.Rd5 Rxf4
37.Ke2 a5 38.Be3 Re4 39.Rd3 Nd4+ 40.Kf2 a4 41.bxa4 Nc6 42.Rc3 f5 43.Bg5 Kf7
44.Re3 Rxc4 45.Rd3 Kg6 46.Bd8 Nxd8 47.Rxd8 Rxa4 48.Rg8+ Kf7 49.Rh8 Rxa2+
50.Kf3 Ra4 51.Rh7+ Ke6 52.Rxc7 Rb4 53.Rh7 b5 54.Rh6+ Ke5 55.Rh8 Rc4 56.Re8+ Kf6
57.Rf8+ Ke6 58.Re8+ Kf7 59.Rb8 b4 60.g4 fxg4+ 61.hxg4 h3 62.g5 Rc3+ 63.Kf2 b3
64.Kg1 c4 65.Rb6 Rc2 66.Kh1 b2 67.Rf6+ Kg7 68.Rb6 Rc1+ 69.Kh2 b1=Q 70.Rc6 Qc2+  0-1

[Event "ch-Europe Internet Blitz"]
[Site "playchess.com INT"]
[Date "2003.11.09"]
[Round "5.5"]
[White "Bacrot,E"]
[Black "Sutovsky,E"]
[Result "0-1"]
[WhiteElo "2664"]
[BlackElo "2646"]

1.c4 Nf6 2.Nf3 c5 3.g3 g6 4.Bg2 Bg7 5.O-O O-O 6.d4 cxd4 7.Nxd4 d5 8.Na3 e5
9.Nb3 d4 10.Bg5 h6 11.Bxf6 Qxf6 12.c5 Qe7 13.Rc1 Na6 14.Nb5 Be6 15.c6 bxc6
16.Rxc6 Bd7 17.Rxa6 Bxb5 18.Ra5 Rab8 19.a4 Bc4 20.Nd2 Be6 21.b3 Rfc8 22.f4 exf4
23.gxf4 Rc3 24.f5 Bxf5 25.Raxf5 gxf5 26.Rxf5 Qe3+ 27.Kh1 d3 28.exd3 Rxd3
29.Qh5 Rxd2 30.Qxf7+ Kh8 31.Qg6 Rd1+ 32.Bf1 Qe4+ 33.Kg1 Bd4+  0-1

[Event "ch-Europe Internet Blitz"]
[Site "playchess.com INT"]
[Date "2003.11.09"]
[Round "5.1"]
[White "Bacrot,E"]
[Black "Sutovsky,E"]
[Result "1/2-1/2"]
[WhiteElo "2664"]
[BlackElo "2646"]

1.c4 Nf6 2.Nc3 e5 3.Nf3 Nc6 4.g3 Nd4 5.Bg2 Nxf3+ 6.Bxf3 Bc5 7.d3 h6 8.h4 d6
9.b4 Bd4 10.Bd2 O-O 11.e3 Bxc3 12.Bxc3 Qd7 13.O-O Re8 14.Bg2 d5 15.Qb3 dxc4
16.Qxc4 c6 17.a4 Qf5 18.e4 Qg6 19.b5 Bd7 20.Rfe1 Rac8 21.Qb3 cxb5 22.axb5 Bxb5
23.Qxb5 Rxc3 24.Rxa7 Rc2 25.Rxb7 Qh5 26.Qb3 Rd2 27.Bf3 Qg6 28.Rd1 Rxd1+ 29.Qxd1 Rd8
30.Qb3 Ne8 31.h5 Qf6 32.Kg2 Nd6 33.Rc7 Ne8 34.Ra7 Nd6 35.Bg4 Qg5 36.Bf3 Kh7
37.d4 exd4  1/2-1/2

[Event "ch-Europe Internet Blitz"]
[Site "playchess.com INT"]
[Date "2003.11.09"]
[Round "5.2"]
[White "Sutovsky,E"]
[Black "Bacrot,E"]
[Result "1-0"]
[WhiteElo "2646"]
[BlackElo "2664"]

1.e4 e5 2.Nf3 d6 3.d4 exd4 4.Qxd4 a6 5.Bg5 Nc6 6.Qd2 Be7 7.Bxe7 Ngxe7 8.Nc3 O-O
9.h3 Kh8 10.O-O-O f5 11.e5 dxe5 12.Qxd8 Rxd8 13.Rxd8+ Nxd8 14.Nxe5 Be6 15.Bc4 Bxc4
16.Nxc4 Ndc6 17.Re1 Kg8 18.Na5 Rb8 19.Nxc6 Nxc6 20.Nd5 Kf7 21.Nxc7 Nb4 22.Rd1 Nxa2+
23.Kb1 Nb4 24.Rd7+ Kf6 25.c3 Nc6 26.Nxa6 Ra8 27.Nc5 Ne5 28.Rxb7 Rd8 29.Kc2 Nc4
30.b3 Rd2+ 31.Kc1 Rxf2 32.bxc4 Rxg2 33.Nd3 Rg3 34.Kd2 Rxh3 35.c5 Rh2+ 36.Ke3 Ke6
37.Nf4+ Ke5 38.c6 Kd6 39.c7 Kd7 40.Nd5 Rh4 41.Nb6+  1-0

[Event "ch-Europe Internet Blitz"]
[Site "playchess.com INT"]
[Date "2003.11.09"]
[Round "5.3"]
[White "Bacrot,E"]
[Black "Sutovsky,E"]
[Result "0-1"]
[WhiteElo "2664"]
[BlackElo "2646"]

1.c4 Nf6 2.Nc3 e5 3.Nf3 Nc6 4.g3 Nd4 5.Bg2 Nxf3+ 6.Bxf3 Bc5 7.d3 h6 8.h4 c6
9.g4 d5 10.g5 hxg5 11.Bxg5 Qb6 12.O-O Bh3 13.Na4 Qa5 14.Nxc5 Qxc5 15.cxd5 Bxf1
16.dxc6 Bh3 17.cxb7 Rb8 18.Rc1 Qa5 19.Bd2 Qa6 20.Rc6 Qxb7 21.Rxf6 Qe7 22.Ra6 Qxh4
23.Qa4+ Qxa4 24.Rxa4 Rb6 25.Bg4 Bxg4 26.Rxg4 Rxb2 27.Bc3 Rxe2 28.Rxg7 Rh3
29.Rg8+ Kd7 30.Kf1 Rxa2 31.Bxe5 Rxd3 32.Bf6 Ke6 33.Bg5 a5 34.Be3 a4 35.Re8+ Kf6
36.Ra8 a3 37.Ra6+ Kf5 38.Bc5 Ke4 39.Kg2 Kd5 40.Be7 Rdd2 41.Bh4 Kc4 42.Rc6+ Kb3
43.Rc8 Rab2 44.Bf6 Rxf2+  0-1

[Event "ch-Europe Internet Blitz"]
[Site "playchess.com INT"]
[Date "2003.11.09"]
[Round "5.4"]
[White "Sutovsky,E"]
[Black "Bacrot,E"]
[Result "0-1"]
[WhiteElo "2646"]
[BlackElo "2664"]

1.e4 e5 2.Nf3 d6 3.d4 exd4 4.Qxd4 a6 5.Bg5 Nc6 6.Qd2 Be7 7.Bxe7 Qxe7 8.Nc3 Nf6
9.O-O-O Bg4 10.Nd5 Nxd5 11.exd5 Ne5 12.Re1 O-O-O 13.Nd4 Qf6 14.Re3 Rde8 15.Rb3 Nd7
16.f3 Bh5 17.g3 Nb6 18.a4 Nxa4 19.Nc6 Bg6 20.Na7+ Kd7 21.Bh3+ Bf5 22.g4 Nc5
23.Ra3 Qh4 24.b4 Nd3+ 25.cxd3 Qxh3 26.gxf5 Qxf3 27.Rd1 Re2 28.Qc3 Qxd5 29.Ra5 Qg2
30.Kb1 c6 31.Qd4 Rhe8 32.Qb6 Rb8 33.Qd4 g6 34.Rc1 Qf2 35.Qg7 Qxa7 36.fxg6 hxg6
37.Qxf7+ Re7 38.Qxg6 Qd4 39.Qf5+ Kc7 40.Ra4 Rbe8 41.Qa5+ Kb8 42.Ra3 Re5 43.b5 Rxb5+  0-1

[Event "TCh-FRA Nat1 GpA"]
[Site "Evry FRA"]
[Date "2004.01.30"]
[Round "1"]
[White "Bujisho,B"]
[Black "Bacrot,E"]
[Result "0-1"]
[WhiteElo "2385"]
[BlackElo "2664"]

1.e4 c5 2.Nc3 Nc6 3.g3 g6 4.Bg2 Bg7 5.d3 e5 6.f4 d6 7.Nf3 Nge7 8.O-O O-O
9.f5 gxf5 10.Nh4 fxe4 11.dxe4 f6 12.Nf5 Bxf5 13.exf5 Kh8 14.Nd5 Qd7 15.c3 Rad8
16.Qh5 Qe8 17.Qh3 Nxd5 18.Bxd5 Ne7 19.Be6 d5 20.g4 Rd6 21.Bd2 Rxe6 22.fxe6 Qc6
23.g5 f5 24.g6 Nxg6 25.Rxf5 Qxe6 26.Rxf8+ Nxf8 27.Qxe6 Nxe6 28.Kg2 Kg8 29.Re1 Kf7
30.b3 Kg6 31.c4 d4 32.Kg3 Nc7 33.Re4 Bf6 34.h4 Kf5 35.Re1 e4 36.Rf1+ Ke6
37.Re1 e3 38.Bxe3 dxe3 39.Rxe3+ Kf5 40.Rf3+ Kg6 41.Rd3 Bd4 42.Kg4 Ne8 43.b4 Nd6
44.bxc5 Bxc5 45.Rd5 b6 46.Rg5+ Kf6 47.Rh5 Nf7 48.Rf5+ Ke6 49.Rf1 Ne5+ 50.Kh5 Be3
51.Rf8 Nd7  0-1

[Event "TCh-FRA Nat1 GpA"]
[Site "Evry FRA"]
[Date "2004.01.31"]
[Round "2"]
[White "Bacrot,E"]
[Black "Huebner,R"]
[Result "1-0"]
[WhiteElo "2664"]
[BlackElo "2604"]

1.e4 e5 2.Nf3 Nc6 3.Bb5 a6 4.Ba4 d6 5.O-O Bd7 6.c3 g6 7.d4 Bg7 8.Re1 Nf6
9.d5 Ne7 10.c4 O-O 11.Nc3 h6 12.b4 Nh5 13.Bxd7 Qxd7 14.c5 f5 15.Nd2 fxe4
16.Nc4 Nf6 17.Be3 Rae8 18.Rc1 Nf5 19.Na5 Nxe3 20.fxe3 dxc5 21.bxc5 b6 22.c6 Qe7
23.Nb7 Kh7 24.a4 h5 25.h3 Bh6 26.Qb3 Qf7 27.Qa2 Qe7 28.Qc4 Qf7 29.Rc2 Bg5
30.Nxe4 Nxe4 31.Qxe4 Be7 32.Rd1 Qf6 33.d6 Bxd6 34.Nxd6 cxd6 35.c7 Rc8 36.Qc6 b5
37.Rxd6 Qg5 38.Rd7+ Kh6 39.Qe4 bxa4 40.Rc6 Rf6 41.h4  1-0

[Event "Aeroflot Open"]
[Site "Moscow RUS"]
[Date "2004.02.21"]
[Round "5"]
[White "Filippov,Va"]
[Black "Bacrot,E"]
[Result "1/2-1/2"]
[WhiteElo "2609"]
[BlackElo "2664"]

1.c4 Nf6 2.Nc3 e5 3.Nf3 Nc6 4.g3 g6 5.Bg2 Bg7 6.d4 exd4 7.Nxd4 O-O 8.O-O Re8
9.e3 Rb8 10.Nde2 d6 11.b3 Bf5 12.Bb2 Ne4 13.Na4 Nf6 14.Nd4 Be4 15.f3 Nxd4
16.Bxd4 Bf5 17.e4 Bd7 18.Bxa7 Ra8 19.Bf2 Bxa4 20.bxa4 Qd7 21.Rb1 Rxa4 22.Rxb7 Rxa2
23.Qb3 Rea8 24.Rb8+ Rxb8 25.Qxb8+ Ne8 26.Rb1 Qa4 27.Qb5 Kf8 28.Qxa4 Rxa4
29.Bf1 c5 30.f4 Bc3 31.Rb7 Nf6 32.e5 dxe5 33.Bxc5+ Kg7 34.fxe5 Ne4 35.Be3 Bxe5
36.Rb5 Kf6 37.Rb6+ Kg7 38.Rb3 Nd6 39.c5 Nc4 40.Bf2 Nd2 41.Rd3 Nxf1  1/2-1/2

[Event "Match"]
[Site "Albert FRA"]
[Date "2004.04.28"]
[Round "2"]
[White "Sokolov,I"]
[Black "Bacrot,E"]
[Result "0-1"]
[WhiteElo "2690"]
[BlackElo "2675"]

1.d4 d5 2.c4 c6 3.Nc3 Nf6 4.Nf3 a6 5.a4 e6 6.e3 c5 7.Bd3 Nc6 8.O-O Be7 9.dxc5 Bxc5
10.cxd5 exd5 11.e4 d4 12.Ne2 Bg4 13.Ne1 Qb6 14.h3 Be6 15.Nf4 Bb3 16.Qe2 O-O
17.Nf3 Bd6 18.Re1 Rfe8 19.Bd2 h6 20.g3 Rac8 21.a5 Qd8 22.Qf1 Nd7 23.Rac1 Nde5
24.Be2 Nxf3+ 25.Bxf3 Ne5 26.Be2 Bc2 27.Qg2 d3 28.Bg4 Nxg4 29.hxg4 Be5 30.b4 Bc3
31.f3 Bb2 32.Kh2 Bxc1 33.Rxc1 Qd6 34.Nd5 Bb3 35.Rxc8 Rxc8 36.Ne3 Be6 37.f4 Qd4
38.Kh3 Bd7 39.e5 Bc6 40.Qf1 Be4 41.Qd1 Rc6 42.Qe1 Bf3 43.Qf1 Qe4 44.Qf2 Rg6
45.Kh4 Be2 46.Qg1 Qf3 47.Kh3 Rxg4 48.Nxg4 Qxg4+ 49.Kh2 Qh5+ 50.Kg2 Qf3+ 51.Kh3 Bf1+
52.Kh4 g6  0-1

[Event "Coupe de France"]
[Site "Paris FRA"]
[Date "2004.05.22"]
[Round "4"]
[White "Bacrot,E"]
[Black "Ravot,S"]
[Result "1-0"]
[WhiteElo "2675"]
[BlackElo "2250"]

1.d4 d5 2.c4 c6 3.Nc3 Nf6 4.Nf3 dxc4 5.a4 Bf5 6.e3 e6 7.Bxc4 Bb4 8.O-O O-O
9.Qe2 Ne4 10.Bd3 Bxc3 11.Bxe4 Bxe4 12.bxc3 Qa5 13.Ba3 Rd8 14.Nd2 Bg6 15.Bb4 Qa6
16.c4 e5 17.f4 exf4 18.exf4 f6 19.f5 Bf7 20.Qg4 Nd7 21.Rf3 Kh8 22.Rg3 Rg8
23.Ne4 c5 24.dxc5 Ne5 25.Qh4 Rgd8 26.Nd6 Bg8 27.Re1 Qxa4 28.Bc3 Rd7 29.Bxe5 fxe5
30.f6 Qa5 31.fxg7+ Rxg7 32.Rxg7 Qxc5+ 33.Kh1 Qxd6 34.Rxb7 Rc8 35.Qg5 Rc7
36.c5 Qd8 37.Rb5 Qd6 38.Rb8  1-0

[Event "ARM-ROW Match"]
[Site "Moscow RUS"]
[Date "2004.06.13"]
[Round "4"]
[White "Lputian,S"]
[Black "Bacrot,E"]
[Result "0-1"]
[WhiteElo "2634"]
[BlackElo "2675"]

1.d4 d5 2.c4 c6 3.Nf3 Nf6 4.Nc3 a6 5.c5 Nbd7 6.Bf4 Nh5 7.Be3 g6 8.g4 Nhf6
9.h3 Bg7 10.Bg2 O-O 11.O-O h5 12.g5 Nh7 13.Qd2 e5 14.Nxe5 Nxe5 15.dxe5 Bxe5
16.f4 Bg7 17.Bd4 Bxd4+ 18.Qxd4 Bf5 19.Rad1 Re8 20.Rfe1 Qc7 21.Qf2 Rad8 22.e4 dxe4
23.Rxd8 Qxd8 24.Nxe4 Bxe4 25.Rxe4 Rxe4 26.Bxe4 Nf8 27.Kg2 Qe7 28.Bc2 a5 29.a3 Ne6
30.b4 axb4 31.axb4 Qc7 32.Kg3 Nxg5 33.Qd4 Nh7 34.Qd6 Qc8 35.f5 gxf5 36.Kf4 Qe6
37.Qxe6 fxe6 38.Ke5 Kf7 39.Bb3 Ng5 40.Kd6 f4 41.Kc7 f3 42.Kxb7 f2 43.Bc4 Nf3
44.b5 Nd2 45.Be2 cxb5 46.c6 Nc4 47.c7 Nd6+ 48.Kb6 Ke7 49.Bxb5 Nxb5 50.c8=Q f1=Q
51.Qc5+ Kd8 52.Qxh5 Nd6 53.Kc6 Nf7 54.h4 Qa6+  0-1

[Event "Corsica Masters KO"]
[Site "Bastia FRA"]
[Date "2004.11.02"]
[Round "2.1"]
[White "Greenfeld,A"]
[Black "Bacrot,E"]
[Result "1/2-1/2"]
[WhiteElo "2547"]
[BlackElo "2718"]

1.d4 d5 2.c4 c6 3.Nf3 Nf6 4.Nc3 a6 5.a4 e6 6.Bg5 a5 7.e4 dxe4 8.Nxe4 Bb4+
9.Nc3 c5 10.Be2 O-O 11.O-O cxd4 12.Nxd4 Nc6 13.Ndb5 h6 14.Bh4 Qe7 15.Qc1 Bxc3
16.Nxc3 Nd4 17.Ra3 Nf5 18.Bxf6 Qxf6 19.Ne4 Qe7 20.Rd1 Bd7 21.Ng3 Bc6 22.Nxf5 exf5
23.Bf3 Be4 24.h3 Rfd8 25.Re1 Rd4 26.Rae3 Rad8 27.b3 b6 28.Qb1 Re8 29.Bxe4 fxe4
30.f3 f5 31.fxe4 Rxe4 32.Rxe4 fxe4 33.Re3 Qc5 34.Qe1 Qd4 35.Kh2 Re6 36.Qg3 Kh7
37.Qf4 Re5 38.Rg3 Rg5 39.Rxg5 hxg5 40.Qxg5 e3 41.Qh5+ Kg8 42.Qe8+ Kh7 43.Qh5+ Kg8
44.Qe8+ Kh7  1/2-1/2

[Event "EuCh-Internet KO"]
[Site "playchess.com INT"]
[Date "2004.11.07"]
[Round "1.3"]
[White "Short,N"]
[Black "Bacrot,E"]
[Result "1-0"]
[WhiteElo "2687"]
[BlackElo "2718"]


1.e4 e5 2.f4 exf4 3.Bc4 d5 4.Bxd5 Nf6 5.Nc3 Bb4 6.Nf3 Bxc3 7.dxc3 c6 8.Bb3 Qxd1+
9.Kxd1 Nh5 10.Ke2 Bg4 11.Kf2 Nd7 12.Re1 O-O 13.Bc4 Rfe8 14.b4 h6 15.a4 g5
16.a5 Nhf6 17.Bd3 Ne5 18.Bb2 Nfd7 19.h4 f6 20.c4 Rad8 21.c5 Kf7 22.a6 b5
23.cxb6 Nxb6 24.Nxe5+ fxe5 25.hxg5 hxg5 26.Rh1 Kg6 27.Bc3 Bc8 28.Rh2 g4 29.g3 fxg3+
30.Kxg3 Rf8 31.Rah1 Rf3+ 32.Kg2 Rh3 33.Bxe5 Nd7 34.Bd4 Nb8 35.Bxa7 Nxa6 36.Bb6 Re8
37.Ba5 Rxh2+ 38.Rxh2 Nb8 39.Bb6 Nd7 40.Bd4 Ne5 41.Bxe5 Rxe5 42.Kg3 c5 43.b5 Bb7
44.Kf4 Re8 45.Kxg4 c4 46.Kf4 cxd3 47.cxd3 Bc8 48.b6 Bd7 49.b7 Rb8 50.Rb2 Kf7
51.Rb6 Ke7 52.Ke5 Ba4 53.d4 Kd7 54.d5 Kc7 55.Rb4 Bd7 56.Kf6 Rxb7 57.Rxb7+ Kxb7
58.e5 Kc7 59.e6 Ba4 60.Ke7 Kc8 61.d6 Bd7 62.exd7+ Kb7 63.d8=Q Ka7 64.Qc7+ Ka8
65.Qc5 Kb7 66.d7 Ka6 67.d8=Q Kb7 68.Qdb6+ Ka8 69.Qca5+  1-0

[Event "EuCh-Internet KO"]
[Site "playchess.com INT"]
[Date "2004.11.07"]
[Round "1.1"]
[White "Short,N"]
[Black "Bacrot,E"]
[Result "1/2-1/2"]
[WhiteElo "2687"]
[BlackElo "2718"]


1.e4 e5 2.Nf3 Nc6 3.Bb5 Nf6 4.O-O Nxe4 5.d4 Nd6 6.Bxc6 dxc6 7.dxe5 Nf5 8.Qxd8+ Kxd8
9.Nc3 Ke8 10.h3 Ne7 11.Ne4 Ng6 12.Re1 h6 13.Bd2 c5 14.Ng3 Be6 15.Nh5 Kd7
16.Nh2 Kc6 17.f4 Rd8 18.Be3 Ne7 19.g4 g6 20.Nf6 Bg7 21.Nf3 Nd5 22.Nxd5 Bxd5
23.Kf2 h5 24.Kg3 hxg4 25.hxg4 f6 26.exf6 Bxf6 27.Ne5+ Bxe5 28.fxe5 Rdf8 29.Rf1 Rxf1
30.Rxf1 Re8 31.Rf6+ Re6 32.a3 b6 33.Kf4 Kd7 34.Bf2 Rxf6+ 35.exf6 Ke6 36.Kg5 Be4
37.c3 c4 38.Bh4 c6 39.Kh6 Kf7 40.Kg5 a5 41.Bg3 a4 42.Bc7 b5 43.Bd8 Bd5 44.Kf4 Bh1
45.Ke5 Bd5 46.g5 Bh1 47.Kd6 Bg2 48.Be7 Bh1  1/2-1/2

[Event "EuCh-Internet KO"]
[Site "playchess.com INT"]
[Date "2004.11.07"]
[Round "1.2"]
[White "Bacrot,E"]
[Black "Short,N"]
[Result "1/2-1/2"]
[WhiteElo "2718"]
[BlackElo "2687"]


1.d4 Nf6 2.Nf3 e6 3.c4 d5 4.Nc3 Be7 5.Qc2 c5 6.dxc5 Nc6 7.cxd5 exd5 8.e3 Bxc5
9.Bb5 O-O 10.O-O Bd6 11.h3 a6 12.Be2 Be6 13.b3 Qd7 14.Bb2 Bxh3 15.gxh3 Qxh3
16.Nxd5 Nxd5 17.Qe4 Rad8 18.Rfd1 Nde7 19.Bf1 Qh6 20.Bg2 Rfe8 21.Qg4 Qg6 22.Qxg6 Nxg6
23.Nd4 Nxd4 24.Rxd4 b6 25.Bc6 Rf8 26.Rad1 Bc7 27.Ba3 Rxd4 28.exd4 Rd8 29.Bb7 a5
30.Rc1 Bd6 31.Bxd6 Rxd6 32.d5 Kf8 33.Rc6 Ke7 34.Rc8 Kf6 35.Rc6 Ke5 36.Rc7 Rf6
37.Bc6 h5 38.Rb7 Nf4 39.Re7+ Kd6 40.Rd7+ Kc5 41.Ba8 g5 42.a3 h4 43.d6 b5
44.Rd8 Ne6 45.b4+ axb4 46.axb4+ Kxb4 47.Re8 Rf4 48.d7 Rd4 49.Bc6 Kc5 50.Rc8 Kb6
51.Kg2 g4 52.Kh2 Rd2 53.Kg1 Nf4 54.d8=Q+ Rxd8 55.Rxd8 Kxc6 56.Rf8 Kd5 57.Rxf7 Ke4
58.Rb7 g3 59.fxg3 hxg3 60.Rxb5 Kf3 61.Rb3+ Kg4 62.Rb4 Kf3 63.Rb3+ Kg4 64.Ra3 Kh4
65.Ra4 Kg4 66.Rb4 Kf3 67.Rb3+  1/2-1/2

[Event "EuCh-Internet KO"]
[Site "playchess.com INT"]
[Date "2004.11.07"]
[Round "1.4"]
[White "Bacrot,E"]
[Black "Short,N"]
[Result "0-1"]
[WhiteElo "2718"]
[BlackElo "2687"]


1.Nf3 Nf6 2.g3 d5 3.Bg2 Bg4 4.O-O Nbd7 5.d3 e5 6.h3 Bh5 7.Qe1 c6 8.e4 dxe4
9.dxe4 Bc5 10.Nh4 a5 11.Nd2 a4 12.Nc4 b5 13.Ne3 O-O 14.Bd2 Re8 15.Nhf5 Qb6
16.Kh2 Nf8 17.a3 Ne6 18.c3 Qc7 19.Nc2 Rad8 20.Be3 Bxe3 21.fxe3 Bg6 22.Qf2 Bxf5
23.exf5 Nc5 24.Qe2 h5 25.Rad1 Rxd1 26.Rxd1 e4 27.Qd2 Nd3 28.Nb4 h4 29.Nxd3 Qxg3+
30.Kh1 exd3 31.Qxd3 Rxe3 32.Qd8+ Kh7 33.Qd2 Ne4 34.Bxe4 Qxh3+ 35.Qh2 Qxh2+
36.Kxh2 Rxe4 37.Rd2 Rf4 38.Kh3 Rxf5 39.Kg4 Rc5 40.Kxh4 g6 41.Kg4 Kh6 42.Kf4 f6
43.Re2 g5+ 44.Kg4 Kg6 45.Kf3 Rc4 46.Re6 Kf5 47.Rd6 Ke5 48.Rd2 g4+ 49.Kg3 f5
50.Re2+ Re4 51.Rd2 Re3+ 52.Kf2 f4 53.Kg2 g3 54.Kf1 f3 55.Rd8 g2+ 56.Kf2 Re2+
57.Kxf3 g1=Q 58.Re8+ Kd6 59.Rxe2 Kc5 60.Rd2 Kc4 61.Ke4 Qe1+ 62.Kf5 Qxd2 63.Ke6 Qxb2
64.Kd6 Qxa3+ 65.Kxc6 Qxc3  0-1

[Event "ch-FRA Top 16 GpA"]
[Site "Mulhouse FRA"]
[Date "2005.02.04"]
[Round "1"]
[White "Bacrot,E"]
[Black "Volkov,S1"]
[Result "1-0"]
[WhiteElo "2715"]
[BlackElo "2612"]

1.d4 d5 2.c4 c6 3.Nc3 Nf6 4.Nf3 a6 5.e3 b5 6.c5 Bg4 7.h3 Bxf3 8.gxf3 g6 9.f4 Nh5
10.Be2 Ng7 11.Qb3 Nd7 12.a4 Ne6 13.Na2 Qc8 14.Nb4 a5 15.Nxc6 Qxc6 16.axb5 Nexc5
17.dxc5 Qxc5 18.Bd2 Bg7 19.O-O O-O 20.Rfc1 Qb6 21.Rc6 Qd8 22.b6 Nf6 23.Rxa5 Rb8
24.Ra7 e5 25.Bf3 Ne4 26.Bc3 exf4 27.exf4 Qh4 28.Bxe4 dxe4 29.Bxg7 Kxg7 30.Qe3 Qh5
31.Rd7 Qb5 32.Qxe4 Kg8 33.b7 Rbe8 34.Qc4 Qf5 35.Rd3 Re4 36.Qd5 Qxf4 37.Rc8 Rb4
38.Rf3  1-0

[Event "ch-FRA Top 16 GpA"]
[Site "Noyon FRA"]
[Date "2005.04.01"]
[Round "5"]
[White "David,Alb"]
[Black "Bacrot,E"]
[Result "0-1"]
[WhiteElo "2573"]
[BlackElo "2715"]

1.e4 e5 2.Nf3 Nc6 3.Bb5 Nf6 4.O-O Nxe4 5.d4 Nd6 6.Bxc6 dxc6 7.dxe5 Nf5 8.Qxd8+ Kxd8
9.Nc3 Ne7 10.Ne4 Ng6 11.h3 h6 12.b3 Be6 13.Bb2 c5 14.c4 Be7 15.Ng3 h5 16.Ne4 Ke8
17.Nc3 Rd8 18.Rad1 Rd7 19.Bc1 h4 20.Bb2 Rh5 21.Rxd7 Kxd7 22.Rd1+ Kc8 23.Nd5 Bd8
24.Re1 b5 25.Ne3 a6 26.Kf1 c6 27.Rc1 Nf4 28.cxb5 Nd3 29.Rc3 Nxb2 30.bxa6 Bb6
31.Ke2 c4 32.bxc4 Ba7 33.Rb3 Nxc4 34.Rb7 Bc5 35.Ng4 Na5  0-1

[Event "ch-FRA Top 16 GpA"]
[Site "Noyon FRA"]
[Date "2005.04.02"]
[Round "6"]
[White "Sarthou,G"]
[Black "Bacrot,E"]
[Result "1/2-1/2"]
[WhiteElo "2398"]
[BlackElo "2715"]

1.e4 e5 2.Nf3 Nc6 3.Bb5 Nf6 4.d3 Bc5 5.Nc3 O-O 6.O-O d6 7.Na4 Nd4 8.Nxc5 Nxb5
9.Nb3 c5 10.c3 b6 11.h3 Bb7 12.Nbd2 Nc7 13.Nc4 Ne6 14.Ne3 Kh8 15.c4 Ng8 16.b3 Ne7
17.Nd5 Ng6 18.Ne3 Qd7 19.Ne1 Ne7 20.Qg4 f5 21.Nxf5 Nxf5 22.exf5 Nd4 23.f6 Qxg4
24.hxg4 gxf6 25.f3 f5 26.gxf5 Rxf5 27.Be3 Ne6 28.Kf2 Kg7 29.Rh1 h5 30.Rh4 d5
31.cxd5 Bxd5 32.Nc2 Nf4 33.Bxf4 exf4 34.Re1 a5 35.Na3 a4 36.Nc4 axb3 37.axb3 Bxc4
38.bxc4 Kf6 39.g4 fxg3+ 40.Kxg3 Rg5+ 41.Kf2 Ra2+ 42.Ke3 Ra8 43.Rhh1 Ke5 44.Ra1  1/2-1/2

[Event "ch-FRA Top 16 Poule Haute"]
[Site "Port Barcares FRA"]
[Date "2005.05.07"]
[Round "11"]
[White "Tkachiev,V"]
[Black "Bacrot,E"]
[Result "1/2-1/2"]
[WhiteElo "2605"]
[BlackElo "2731"]

1.c4 Nf6 2.d4 c6 3.Nf3 d5 4.e3 a6 5.Qc2 Bg4 6.Ne5 Bh5 7.Qb3 Qc7 8.Nc3 e6
9.Bd2 Nbd7 10.cxd5 Nxd5 11.Nxd7 Qxd7 12.Rc1 Nxc3 13.Bxc3 Be7 14.Bd3 Bg6 15.Be2 a5
16.a4 O-O 17.O-O Bd6 18.Bf3 Qe7 19.e4 Rfd8 20.Rfe1 h6 21.g3 Rd7 22.h4 Qd8
23.h5 Bh7 24.d5 exd5 25.exd5 cxd5 26.Rcd1 Be4 27.Bxe4 dxe4 28.Qd5 Qb6 29.Qxe4 Rdd8
30.Rd5 Bc5 31.Rf5 Bd4 32.Rb5 Qf6 33.Bxd4 Rxd4 34.Qxb7 Rad8 35.b3 Rd2 36.Rf1 Qc3
37.Rf5 R2d7 38.Qb5 Rd3 39.Kg2 Ra8 40.Rxf7 Qxb3 41.Qxb3 Rxb3 42.Rc7 Rb4 43.Rd1 Kh7
44.Rdd7 Rg8 45.f4 Rxa4 46.f5 Ra2+ 47.Kf3 Ra1 48.Rf7 Kh8 49.Ra7 a4 50.Kg2 Ra2+
51.Kh3 Ra1 52.Rfe7 a3 53.f6 Rf1 54.fxg7+ Kh7 55.Rxa3 Rh1+ 56.Kg4 Rxg7+ 57.Rxg7+ Kxg7
58.Ra7+ Kg8 59.Ra5 Kg7 60.Re5 Kf6 61.Rf5+ Kg7 62.Rd5 Rf1 63.Kh3 Rf2 64.Rd7+ Kg8
65.Rd3 Kg7 66.g4 Rf4 67.Kg3 Rf1 68.Rd7+ Kg8 69.Rd5 Kg7 70.Rf5 Ra1  1/2-1/2

[Event "1st Rapid"]
[Site "Venaco FRA"]
[Date "2005.10.28"]
[Round "1"]
[White "Bacrot,E"]
[Black "Steil Antoni,F"]
[Result "1-0"]
[WhiteElo "2725"]
[BlackElo "1956"]

1.e4 e5 2.Nf3 Nc6 3.Bc4 Bc5 4.O-O Nf6 5.d3 d6 6.Be3 Bb6 7.h3 O-O 8.Nbd2 Be6
9.Re1 h6 10.a4 Bxe3 11.Rxe3 Qe7 12.Nf1 Bxc4 13.dxc4 Nd7 14.Ng3 Nc5 15.Nh2 Ne6
16.Nf5 Qd7 17.Rg3 Kh7 18.Ng4 Qd8 19.Qd2 Qg5 20.Nge3 Qd8 21.Nxg7 Nxg7 22.Rxg7+ Kh8
23.Rg4 Rg8 24.Nd5 Rg5 25.Ra3 f6 26.Rf3 Kg7 27.Rxf6 Qxf6 28.Nxf6 Kxf6 29.Rxg5 hxg5
30.h4 Nb8  1-0

[Event "1st Rapid"]
[Site "Venaco FRA"]
[Date "2005.10.28"]
[Round "2"]
[White "Brunner,N"]
[Black "Bacrot,E"]
[Result "0-1"]
[WhiteElo "2392"]
[BlackElo "2725"]

1.d4 Nf6 2.c4 e6 3.Nc3 Bb4 4.Qc2 d5 5.cxd5 Qxd5 6.Nf3 Qf5 7.Qb3 Nc6 8.a3 Bd6
9.e4 Nxe4 10.Bd3 Nd2 11.Kxd2 Qg4 12.Rg1 O-O 13.Ne4 Rd8 14.h3 Qh5 15.Nxd6 Rxd6
16.Qc3 e5 17.dxe5 Rd5 18.Kc2 Bf5 19.g4 Bxd3+ 20.Qxd3 Rxd3 21.gxh5 Rxf3 22.Be3 Nxe5
23.Bd4 f6 24.Rae1 Re8 25.Re4 c5 26.Be3 Kf7 27.Rd1 b6 28.h4 Ke6 29.b3 a5 30.Rg1 Re7
31.Rd1 Kf5 32.Ra4 Ng4 33.Rd5+ Ke6 34.Re4+ Kxd5 35.Rxe7 Rf5 36.Rxg7 Nxe3+
37.fxe3 Rxh5 38.Rg4 f5 39.Rf4 Ke5 40.a4 Rh6 41.Kc3 Rg6 42.Rf3 Rg4 43.Rh3 h5
44.Kd3 Ke6 45.Kc3 Kd5 46.Kd3 Ke5 47.Rh1 Ke6 48.Rh2 Kd5 49.Rh3 Rb4 50.Kc3 c4
51.bxc4+ Rxc4+ 52.Kb3 Rb4+ 53.Ka3 Ke5 54.Rh1 Re4 55.Rh3 Rg4 56.Kb3 Rb4+ 57.Ka3 Ke4
58.Rg3 Ke5 59.Rg6 Rxh4 60.Rxb6 Rh3 61.Rb5+ Ke4 62.Rxa5 Rxe3+ 63.Kb2 h4 64.Ra8 h3
65.Rh8 Kf4 66.a5 Kg3 67.a6 Re7 68.Kc3 h2 69.Kd4 Rg7 70.Kc5 Kg2 71.a7 Rxa7
72.Rg8+ Kf1 73.Rh8 Ra2 74.Kd4 Kg1  0-1

[Event "TCh-FRA Top 16 Gp A"]
[Site "Montpellier FRA"]
[Date "2006.04.02"]
[Round "7"]
[White "Bacrot,E"]
[Black "Bissieres,M"]
[Result "1-0"]
[WhiteElo "2717"]
[BlackElo "2206"]

1.d4 Nf6 2.c4 e6 3.Nf3 b6 4.Nc3 Bb4 5.Bg5 h6 6.Bh4 Bb7 7.e3 g5 8.Bg3 Ne4
9.Qc2 Bxc3+ 10.bxc3 d6 11.Bd3 f5 12.d5 Qf6 13.Nd4 Nc5 14.Nxe6 Nxe6 15.dxe6 Rf8
16.O-O Qxe6 17.f4 Be4 18.Bxe4 Qxe4 19.Qxe4+ fxe4 20.fxg5 hxg5 21.Rxf8+ Kxf8
22.Rf1+ Kg7 23.Rf5 Nc6 24.Rxg5+ Kf6 25.Bh4 Kf7 26.Rf5+ Kg7 27.g4 Rf8 28.Rxf8 Kxf8
29.Kf2 Ne5 30.Kg3 Nxc4 31.Kf4 d5 32.Bd8 c6 33.h4 Kg7 34.h5  1-0

[Event "1st Rapid"]
[Site "Canada de Calatrava ESP"]
[Date "2006.04.16"]
[Round "9"]
[White "Smirnov,P"]
[Black "Bacrot,E"]
[Result "1/2-1/2"]
[WhiteElo "2614"]
[BlackElo "2708"]

1.e4 b6 2.d4 Bb7 3.Bd3 Nf6 4.Qe2 Nc6 5.c3 e5 6.d5 Ne7 7.Nf3 Ng6 8.O-O Bc5
9.c4 O-O 10.Nc3 a5 11.g3 d6 12.Na4 Bc8 13.Kg2 h6 14.Nxc5 dxc5 15.b3 Ne8 16.Bb2 f6
17.Nd2 Qd7 18.Qh5 Qf7 19.Kg1 Kh8 20.f4 Nxf4 21.Qxf7 Nh3+ 22.Kh1 Rxf7 23.Bxe5 Nd6
24.Bc3 Bg4 25.Rae1 Re8 26.e5 fxe5 27.Bg6 Rxf1+ 28.Rxf1 Ra8 29.Bxe5 Kg8 30.Kg2 a4
31.Bh5 Bxh5 32.Kxh3 Bg6 33.g4 axb3 34.axb3 Ra2 35.Rf2 Rc2 36.Kg2 Rc1 37.h4 Rd1
38.Bf4 Bc2 39.Rf1 Rxf1 40.Kxf1 Kf7 41.Kf2 Kf6 42.Ke3 g5 43.hxg5+ hxg5 44.Bg3 Bd1
45.Ne4+ Ke7 46.Nxd6 cxd6 47.Kd3 Bxb3 48.Be1 Bd1 49.Bd2 Kf6 50.Bc3+ Kf7 51.Bd2 Kg6
52.Be1 Kf6 53.Bc3+ Kg6 54.Be1 Kf7 55.Bd2  1/2-1/2

[Event "Bundesliga 2006-7"]
[Site "Muelheim Nord GER"]
[Date "2007.02.25"]
[Round "11"]
[White "Volokitin,And"]
[Black "Bacrot,E"]
[Result "1-0"]
[WhiteElo "2645"]
[BlackElo "2705"]

1.e4 e5 2.Nf3 Nc6 3.Bb5 a6 4.Ba4 Nf6 5.O-O Be7 6.Re1 b5 7.Bb3 O-O 8.c3 d6
9.h3 Nb8 10.d4 Nbd7 11.Nbd2 Bb7 12.Bc2 Re8 13.Nf1 Bf8 14.Ng3 c6 15.Nf5 Qc7
16.dxe5 dxe5 17.Nh2 c5 18.Qf3 c4 19.Bg5 Qc6 20.Rad1 h6 21.Bc1 Nc5 22.Bxh6 Nfxe4
23.Ng4 Re6 24.Be3 Rae8 25.Bxc5 Nxc5 26.Qg3 a5 27.Rxe5 Nd3 28.Bxd3 cxd3 29.Nd4 Rxe5
30.Nxc6  1-0

[Event "Bundesliga 2006-7"]
[Site "Bindlach GER"]
[Date "2007.03.17"]
[Round "12"]
[White "Navara,D"]
[Black "Bacrot,E"]
[Result "1/2-1/2"]
[WhiteElo "2719"]
[BlackElo "2705"]

1.e4 e5 2.Nf3 Nc6 3.Bb5 a6 4.Ba4 Nf6 5.O-O Be7 6.Re1 b5 7.Bb3 O-O 8.h3 Bb7
9.d3 d6 10.a3 Na5 11.Ba2 c5 12.Nc3 Nc6 13.Bg5 Qd7 14.Nh2 Ne8 15.f4 exf4 16.Bxf4 Nc7
17.Ng4 Kh8 18.Ne3 Bf6 19.Qd2 Bd4 20.Kh1 Ne7 21.Rf1 f5 22.Rae1 fxe4 23.Nxe4 Ng6
24.Bh2 Bxe4 25.dxe4 Be5 26.Nf5 Rad8 27.Rd1 Qe8 28.Bxe5 Qxe5 29.Qa5 Rd7 30.Nh4 Rxf1+
31.Rxf1 Qxe4 32.Nxg6+ hxg6 33.Rf8+ Kh7 34.Bg8+ Kh6 35.Rc8 b4 36.Rxc7 Qe1+
37.Kh2 Qe5+ 38.Kh1 Qe1+  1/2-1/2